000 00531cam a2200205ua 4500
001 10330
008 180404n ii |||gr||||Z||||||asm
020 _a9789384303389
040 _cMAIN
082 _a320.5
100 _aKatani, Padmeswar,
_eAuthor.
245 _aPolitical theory (A)
_cBy Padmeswar Katani
250 _a1st ed.
260 _aDibrugarh:
_bMahaveer publications,
_c2015.
300 _a144p.
653 _aPolitical science
653 _aRajnaitik tattwa
700 _aBordoloi, Plabita,
_eAuthor.
942 _cBK
999 _c9325
_d9325